25 Largest Countries by Population (Picture Click) Quiz Stats

Quiz not verified by Sporcle

Challenge
Share
Tweet
Score 0/25 Timer 07:00
0 Plays Today
% Correct
United States
96.4%
China
95.7%
India
94.9%
Russia
93.9%
Brazil
92.4%
Mexico
84.7%
Indonesia
79.2%
France
78.2%
Germany
75.6%
Egypt
73.7%
Japan
73.3%
Pakistan
73%
Iran
72.4%
% Correct
DRC
70.7%
UK
67.2%
Nigeria
64.3%
Turkey
63.1%
South Africa
63%
Ethiopia
57.2%
Thailand
56.6%
Vietnam
55.7%
Philippines
53.8%
Bangladesh
53.6%
Italy
52.8%
Tanzania
30.8%

You're not logged in!

Compare scores with friends on all Sporcle quizzes.
Sign Up with Email
OR
Log In

You Might Also Like...

Show Comments

Extras

Top Quizzes Today


Score Distribution

Your Account Isn't Verified!

In order to create a playlist on Sporcle, you need to verify the email address you used during registration. Go to your Sporcle Settings to finish the process.